Kapitalizačné dôchodkové systémy v Európe, ich klady a nedostatky

Systémy dôchodkového zabezpečenia v EÚ a v ďalších ekonomicky rozvinutých krajinách predstavujú určitý variant tzv. trojpilierového modelu. Pre prvý, verejný pilier, je charakteristický priebežný systém financovania. Ďalšie dva piliere majú kapitalizačný charakter. Zatiaľ čo viaceré krajiny SVE išli...

Ausführliche Beschreibung

Gespeichert in:
Bibliographische Detailangaben
1. Verfasser: Rievajová, Eva
Weitere Verfasser: Juhász, Attila, Pechová, Michaela, 1977-
Format: Buchkapitel
Sprache:Slowakisch
Schlagworte:
Tags: Tag hinzufügen
Keine Tags, Fügen Sie das erste Tag hinzu!

MARC

LEADER 00000naa$a2200000$$$4500
001 0059777
005 20240502083142.1
041 0 |a slo 
044 |a CZ 
245 1 0 |a Kapitalizačné dôchodkové systémy v Európe, ich klady a nedostatky  |c Michaela Pechová, Eva Rievajová 
520 |a Systémy dôchodkového zabezpečenia v EÚ a v ďalších ekonomicky rozvinutých krajinách predstavujú určitý variant tzv. trojpilierového modelu. Pre prvý, verejný pilier, je charakteristický priebežný systém financovania. Ďalšie dva piliere majú kapitalizačný charakter. Zatiaľ čo viaceré krajiny SVE išli cestou systémovej zmeny zavedením druhého povinného kapitalizačného piliera, pôvodné krajiny EÚ 15 išli cestou parametrických zmien pôvodného systému. Problémy fungovania a možné riziká kapitalizačného dôchodkového systému. 
610 2 0 |a systémy dôchodkové 
610 2 0 |a Európa 
610 2 0 |a modernizácia 
610 2 0 |a SVE 
100 1 |a Rievajová, Eva 
700 1 |a Juhász, Attila 
700 1 |a Pechová, Michaela, 1977-